Statystyki dla TOP 20 kanałow YT w PL

Kliknij tutaj aby rozwiązać quiz!

Ogólne statystyki

  • Ten quiz został rozwiązany 425 razy
  • Średni wynik to 8 z 20

Statystyki odpowiedzi

nrkanał% Poprawnych
1Blowek
95%
8Friz
89%
2Stuu
85%
3reZigiusz
74%
5SA Wardega
55%
9Naruciak
47%
6AbstrachujeTV
45%
13IsAmU
33%
15izak
30%
14Kamerzysta
28%
10Lord Kruszwil
28%
7Step Records
27%
125 Sposobow na
23%
4Bazzyland
21%
17MULTI
21%
11Planeta Faktów
21%
16Karolek
20%
20ProstoTV
10%
19Vito Minecraft
10%
18Pola Show
1%

Rozkład punktacji

Percentyl według liczby udzielonych odpowiedzi

Procent ludzi z każdym wynikiem

Twoja historia wyników

Nie rozwiązałeś tego quizu